|
|
|
|
| LEADER |
00693cam a2200205 7i4500 |
| 001 |
0000027440 |
| 005 |
20150731090000.0 |
| 020 |
|
|
|a 9789830990965 (hbk.)
|
| 020 |
|
|
|a 9830990966 (hbk.)
|
| 090 |
0 |
0 |
|a BP134.M43
|b A63 2004
|
| 100 |
0 |
|
|a Abdullah al-Qari Haji Salleh
|
| 245 |
1 |
0 |
|a Ensiklopedia rawatan penyakit dengan madu lebah
|c Abdullah Al-Qari Hj. Salleh.
|
| 260 |
|
|
|a Kuala Lumpur:
|b Al-Hidayah Pub.,
|c 2004.
|
| 300 |
|
|
|a 706 p.:
|b ill.;
|c 21 cm.
|
| 500 |
|
|
|a Includes index
|
| 650 |
0 |
0 |
|a Honey --
|x Therapeutic use
|
| 650 |
0 |
0 |
|a Honey
|
| 650 |
0 |
0 |
|a Bees --
|x Religious aspects --
|x Islam
|
| 650 |
0 |
0 |
|a Medicine in the Qur'an
|
| 999 |
|
|
|a 0000036868
|b BOK
|c REFERENCE
|e Ground Floor, Bestari Jaya
|